Harry Potter Pure-Blood Families - Statistics

General Stats
  • This quiz has been taken 2,715 times
    2,644 since last reset
  • The average score is 17 of 28
Answer Stats
Hint Answer % Correct
Lucius Malfoy
97%
Regulus Black
95%
Neville Longbottom
95%
Barty Crouch
93%
Arthur Weasley
93%
Hannah Abbott
91%
Pansy Parkinson
90%
Horace Slughorn
88%
Rodolphus Lestrange
84%
Merope Gaunt
78%
Kingsley Shacklebolt
78%
Amycus Carrow
77%
Millicent Bulstrode
75%
Ernie Macmillan
71%
Marcus Flint
70%
Theodore Nott
66%
Garrick Ollivander
63%
Astoria Malfoy's maiden name Greengrass
61%
Fabian Prewett
59%
Evan Rosier
53%
Thorfinn Rowle
36%
Harry hit him with a full body-bind curse while leaving the Astronomy Tower. Yaxley
36%
Death-Eater family, Sr. was a friend of Riddle; Jr. was a friend of Snape Avery
24%
Caractacus Burke
24%
Voldemort took his wand to replace Lucius Malfoy's in the Battle of Seven Potters Selwyn
16%
Murdered Marlene McKinnon Travers
13%
Sullivan Fawley
9%
Not mentioned in the books, possibly extinct Shafiq
8%
No matching quizzes found
Score Distribution
Percent of People with Each Score
Percentile by Number Answered
Your Score History
You have not taken this quiz since the last reset